Arms tonite - Mother Mother - Statistics

General Stats
  • This quiz has been taken 61 times
  • The average score is 238 of 259
Answer Stats
Answer % Correct
arms
100%
I
100%
(I)
100%
in
100%
it
100%
to
100%
tonight
100%
tonight,
100%
tonight?
100%
you,
100%
you
100%
(you),
100%
your
100%
died
98%
(died)
98%
died?
98%
died,
98%
That
95%
that
95%
was
95%
don't
93%
it's
93%
kind
93%
cry
90%
cute
90%
hey,
90%
hey
90%
(hey),
90%
of
90%
think
90%
after
88%
And
88%
and
88%
fell
88%
have
88%
right
88%
afterlife,
85%
afterlife
85%
afterlife?
85%
hard
85%
nice
85%
back
83%
Because
83%
because
83%
inside
83%
the
83%
get
80%
try
80%
(try)
80%
alive
78%
alive?
78%
escape
75%
you're
75%
even
70%
I'm
70%
fine
65%
into
63%
night
63%
slipped
53%
through
53%
White
53%
went
50%
Suicide
48%
light
40%
lost
33%
sight
30%
No matching quizzes found
Score Distribution
Percent of People with Each Score
Percentile by Number Answered
Your Score History
You have not taken this quiz